Discografía de Luis Miguel - Estadísticas

Estadísticas generales
  • Esta prueba ha sido intentada 146 veces
  • La puntuación promedio es 14 de 29
Estadísticas de respuestas
Año Título Ventas estimadas % Correcto
1991 Romance 7,000,000
89%
1993 Aries 2,000,000
80%
1990 20 Años -
71%
1997 Romances 4,500,000
71%
2004 México en la Piel 1,400,000
65%
1994 Segundo Romance 4,000,000
62%
1988 Busca una Mujer 4,500,000
61%
2010 Luis Miguel 350,000
61%
2003 33 900,000
58%
1987 Soy Como Quiero Ser -
56%
2017 ¡México por Siempre! -
53%
1996 Nada es Igual 1,300,000
53%
2001 Mis Romances 1,500,000
51%
1983 Decídete -
49%
2008 Cómplices 740,000
48%
1985 Meu Sonho Perdido -
48%
1984 Palabra de Honor -
48%
1999 Amarte es un Placer 3,000,000
47%
2000 Vivo 1,150,000
47%
2006 Navidades 730,000
46%
1985 Fiebre de Amor -
39%
1982 Un Sol -
38%
1982 Directo al Corazón -
35%
1983 También es Rock -
35%
1995 En Concierto 2,000,000
32%
2009 No Culpes a la Noche 150,000
29%
1984 Ya Nunca Más -
24%
1992 América y en Vivo -
23%
1985 Collezione Privata -
16%
No se encontraron pruebas coincidentes
Distribución de puntuación
Porcentaje de gente con cada puntuación
Porcentaje por número respondido
Historial de tus puntuaciones
No has intentado esta prueba.